• 首页
  • 本馆介绍
  • 公告通知
  • 最新文献
  • 馆藏检索
  • 电子资源
  • 读者导购
  • 参考咨询
  • 我的图书馆
  • 登录
  • 详细信息显示
  • 放入我的书架
  • 预约/预借图书
  • 作者相关作品
  • 分类相关作品
  • 丛书相关作品
  • 出版社相关作品

书目信息

  • 表格格式
  • 工作单格式
  • 卡片格式
题名:
数据结构与算法Java语言描述
    
 
作者: 唐尼 著 ;李新叶 , 李楠楠 译
分册:  
出版信息: 北京   中国电力出版社  2018
页数: 157页
开本: 24cm
丛书名:
单 册:
中图分类: TP311.12 , TP312JA
科图分类:
主题词: 数据结构--shu ju jie gou--算法分析 , JAVA语言--java yu yan--程序设计
电子资源:
ISBN: 978-7-5198-2194-4
000 01606cam0 2200349 450
001 012001001481
005 20140108112758.0
010    @a978-7-5198-2194-4@dCNY38.00
099    @aCAL 012018180377
100    @a20181101d2018 em y0chiy50 ea
101 1  @achi@ceng
102    @aCN@b110000
105    @aa z 000yy
106    @ar
200 1  @a数据结构与算法Java语言描述@Ashu ju jie gou yu suan fa java yu yan miao shu@f(美) Allen B. Downey著@g李新叶, 李楠楠译
210    @a北京@c中国电力出版社@d2018
215    @a157页@c图@d24cm
306    @aO'Reilly Media, Inc.授权
312    @a英文并列题名取自封面
314    @a唐尼 (Allen B. Downey),是奥林工程学院计算机科学领域的教授,他拥有伯克利大学计算机科学博士学位及麻省理工学院硕士和学士学位。他编写的其他书籍有: 《ThinkJava》、《ThinkPython》、《ThinkStats》和《ThinkBayes》。
330    @a本书作者强调实践知识和技能胜过理论,在书中为你展示了怎样使用数据结构实现有效的算法,并分析和测试了算法的性能。你将探索Java集合框架(JCF)中重要的类,它们是如何实现的,以及如何执行。书中的每一章都提供了动手练习及在线测试代码。
333    @a本书适用的读者包括计算机科学及相关领域的大学生、专业的软件工程师、软件工程培训师以及正在准备技术面试的相关人员。
500 10 @aThink data structures@mChinese
606 0  @a数据结构@Ashu ju jie gou@x算法分析
606 0  @aJAVA语言@Ajava yu yan@x程序设计
690    @aTP311.12@v5
690    @aTP312JA@v5
701  1 @a唐尼@Atang ni@g(Downey, Allen B.)@4著
702  0 @a李新叶@Ali xin ye@4译
702  0 @a李楠楠@Ali nan nan@4译
801  0 @aCN@b北京卓展@c20191020
905    @b1201983-5@dTP311.12@e1380@f3
    
    数据结构与算法Java语言描述/(美) Allen B. Downey著/李新叶, 李楠楠译.-北京:中国电力出版社,2018
    157页:图;24cm
    使用对象:本书适用的读者包括计算机科学及相关领域的大学生、专业的软件工程师、软件工程培训师以及正在准备技术面试的相关人员。
    
    ISBN 978-7-5198-2194-4:CNY38.00
    本书作者强调实践知识和技能胜过理论,在书中为你展示了怎样使用数据结构实现有效的算法,并分析和测试了算法的性能。你将探索Java集合框架(JCF)中重要的类,它们是如何实现的,以及如何执行。书中的每一章都提供了动手练习及在线测试代码。
●
相关链接 在E读中查询图书 在五车中查询图书 在当当中查询图书 在豆瓣中查询图书


正题名:数据结构与算法Java语言描述     索取号:TP311.12/1380         预约/预借

序号 登录号 条形码 馆藏地/架位号 状态 备注
1 1201983   212019830   第二样本阅览室/ [索取号:TP311.12/1380] 在馆    
2 1201984   212019849   第三借阅区/ [索取号:TP311.12/1380] 在馆    
3 1201985   212019858   第三借阅区/ [索取号:TP311.12/1380] 在馆    
唐山师范学院图书馆 欢迎您!
大连网信软件有限公司© 版权所有